| 000 | 01137nam a2200313 i 4500 | ||
|---|---|---|---|
| 001 | 000013738 | ||
| 003 | DO-SdBNP | ||
| 005 | 20241024111920.0 | ||
| 007 | ta | ||
| 008 | 091130e2003 dr ab gr 001 0 spa d | ||
| 020 | _a9993403539 | ||
| 040 |
_aDO-SdBNP _bspa _cBNPHU _erda |
||
| 041 | _hspa | ||
| 082 | 4 |
_a595.789 _bT136g _222 |
|
| 100 | 1 |
_aTakizawa, Haruo _931182 _4aut. _eautor |
|
| 245 | 1 | 0 |
_aGuía de mariposas diurnas de la Hispaniola / _cHaruo Takizawa, Sardis Medrano Cabral, Denia Veloz ; prólogo Julio Cicero. |
| 264 | 4 |
_aSanto Domingo : _bMuseo Nacional de Historia Natural, _c©2003 |
|
| 300 |
_a11, [58] páginas : _bilustraciones, mapas ; _c25 cm. |
||
| 336 |
_atexto _btxt _2rdacontent |
||
| 337 |
_asin mediación _bn _2rdamedia |
||
| 338 |
_avolumen _bnc _2rdacarrier |
||
| 590 | _aInventariado, 2023/BT | ||
| 650 | 4 |
_aMariposas _zRepública Dominicana _xIdentificación _931183 |
|
| 700 | 1 |
_aMedrano Cabral, Sardis _eautor _4aut. _931185 |
|
| 700 | 1 |
_aVeloz, Denia _eautor _4aut. _931186 |
|
| 700 | 1 |
_aCicero, Julio, _eprologuista _931184 _4pr. |
|
| 910 | _aMFeliz. Validado, control de calidad/MAA | ||
| 942 |
_2ddc _cLBS1 |
||
| 999 |
_c13351 _d13351 |
||